Histórica relación del Reyno de Chile
Guardat en:
| Autor principal: | |
|---|---|
| Format: | Llibre |
| Idioma: | espanyol |
| Publicat: |
Santiago, Chile
Instituto de Literatura Chilena
1969
|
| Col·lecció: | Escritores de Chile,
1 |
| Matèries: | |
| Etiquetes: |
Afegir etiqueta
Sense etiquetes, Sigues el primer a etiquetar aquest registre!
|
MARC
| LEADER | 00000nam a2200000 a 4500 | ||
|---|---|---|---|
| 001 | UCP9797 | ||
| 003 | CL-VaPUC | ||
| 005 | 20240124091445.0 | ||
| 008 | 000407e19690000CL |||||||||||||||||spa|d | ||
| 999 | |c 286579 |d 286577 | ||
| 040 | |c Pontificia Universidad Católica de Valparaíso | ||
| 082 | 0 | 4 | |a 983 OVA 1969 |2 21 |
| 100 | |a Ovalle, Alonso de |e autor |9 319333 | ||
| 245 | 1 | 0 | |a Histórica relación del Reyno de Chile |
| 260 | |a Santiago, Chile |b Instituto de Literatura Chilena |c 1969 | ||
| 300 | |a 503 páginas | ||
| 490 | 0 | |a Escritores de Chile, |v 1 | |
| 583 | |a last modification |c 20000407 00:00:00 |k Rodrigo Vera | ||
| 650 | 0 | |a Historia |9 255047 | |
| 650 | 7 | |a FUENTES HISTORICAS |2 CL-VaPUC |9 255666 |z CHILE | |
| 650 | 0 | |a Antropología cultural |z CHILE |9 269905 | |
| 852 | |a BIBCUR | ||
| 942 | |c BK |2 ddc | ||
| 945 | |d 20000407 00:00:00 |a lriquelm | ||
| 952 | |0 0 |1 0 |2 ddc |4 0 |6 983_000000000000000_OVA_1969 |7 0 |8 A |9 332594 |a BIBHIS |b BIBHIS |d 2019-11-20 |i 125541K |o 983 OVA 1969 |p 125541K |r 2025-01-20 |t 2 |w 2019-11-20 |y BK |k HIS | ||
| 952 | |0 0 |1 0 |2 ddc |4 0 |6 983_000000000000000_OVA_1969 |7 0 |8 A |9 332595 |a BIBHIS |b BIBHIS |d 2019-11-20 |i 1255428 |o 983 OVA 1969 |p 1255428 |r 2025-01-20 |t 3 |w 2019-11-20 |y BK |k HIS | ||
| 952 | |0 0 |1 0 |2 ddc |4 0 |6 983_000000000000000_OVA_1969 |7 0 |8 A |9 332596 |a BIBHIS |b BIBHIS |d 2019-11-20 |i 1255436 |o 983 OVA 1969 |p 1255436 |r 2025-01-20 |t 4 |w 2019-11-20 |y BK |k HIS | ||
| 952 | |0 0 |1 0 |2 ddc |4 0 |6 983_000000000000000_OVA_1969 |7 0 |8 DER_HDC |9 332597 |a BIBDER |b BIBDER |d 2019-11-20 |i 3964140 |o 983 OVA 1969 |p 3964140 |r 2023-01-25 |t 1 |w 2019-11-20 |x Ubicación 4to Piso |y BK |z Estos recursos deben solicitarse con anticipación |k DER | ||